000 00574nam a2200181Ia 4500
008 090124s9999 xx 000 0 und d
082 _b3836
100 _aगडकरी राम गणेश
245 _a वेडयांचा बाजार
250 _a2
260 _bजोशी का. अ.
_c1956
300 _a95
600 _aगडकरी राम गणेश
630 _a वेडयांचा बाजार
700 _aगडकरी राम गणेश
730 _a वेडयांचा बाजार
942 _cBOOK
999 _c83411
_d83411